[Event "Masters B"]
[Site "Nancy FRA"]
[Date "2010.02.25"]
[Round "6"]
[White "Wiley,To"]
[Black "Marzolo,C"]
[Result "1-0"]
[WhiteElo "2302"]
[BlackElo "2480"]

1.d4 Nf6 2.Bg5 Ne4 3.Bf4 c5 4.f3 Qa5+ 5.c3 Nf6 6.d5 e6 7.e4 Nh5 8.Be3 Qc7
9.c4 exd5 10.cxd5 a6 11.a4 d6 12.Ne2 g6 13.Nec3 Bg7 14.Be2 O-O 15.O-O Re8
16.g4 Nf6 17.Na3 Nbd7 18.Qd2 Rb8 19.Rad1 Nb6 20.b3 Bd7 21.Rc1 Qd8 22.Bf4 Qe7
23.Rfe1 h5 24.h3 Nh7 25.Bf1 hxg4 26.hxg4 Nc8 27.Kg2 Bd4 28.Bd3 Qf6 29.g5 Qe7
30.Rh1 Be5 31.Be3 b5 32.axb5 axb5 33.Naxb5 Bg7 34.Rb1 Qd8 35.b4 cxb4 36.Rxb4 Qa5
37.Rbb1 Bxb5 38.Nxb5 Ra8 39.Qf2 Qd8 40.Qh4 Ra2+ 41.Kf1 Nf8 42.Bd4 Re5 43.f4 Rd2
44.Qh3  1-0

[Event "Reykjavik Open"]
[Site "Reykjavik ISL"]
[Date "2010.02.27"]
[Round "5"]
[White "Boskovic,D"]
[Black "Gupta,Ab"]
[Result "1/2-1/2"]
[WhiteElo "2454"]
[BlackElo "2577"]

1.d4 Nf6 2.Bg5 Ne4 3.Bf4 d5 4.e3 c5 5.c3 Nc6 6.Nd2 Bf5 7.Nxe4 Bxe4 8.f3 Bg6
9.Bd3 Qb6 10.Ne2 e6 11.O-O Be7 12.Bxg6 hxg6 13.Qb3 O-O 14.Qxb6 axb6 15.Kf2 Ra6
16.a3 Na5 17.Nc1 g5 18.Bg3 f5 19.Be5 Nc6 20.Nd3 c4 21.Nb4 Nxe5 22.dxe5 Raa8
23.Nc2 Bc5 24.Nd4 Kf7 25.g3 Ke7 26.f4 Rh8 27.Rh1 g4 28.Kg2 Rh3 29.Rad1 g5
30.Rd2 gxf4 31.exf4 Kd7 32.Re1 Rah8 33.Rh1 Bxd4 34.Rxd4 Kc6 35.Rd2 Kb5 36.Rd4 Ka4
37.Rd2 Kb3 38.Re2 b5 39.Rf2 b4 40.axb4 b5 41.Re2 Ra8 42.Rb1 Ra2 43.Rf2 Rh7
44.Re2 Ra8 45.Rf2 Rha7 46.Re2 Ra1 47.Rxa1 Rxa1 48.h3 gxh3+ 49.Kxh3 Rh1+ 50.Kg2 Rb1
51.g4 fxg4 52.f5 exf5 53.Kg3 Rg1+ 54.Kf4 Rf1+ 55.Kg3 Rf3+ 56.Kh4 g3 57.Kh3 Rf2
58.Rxf2 gxf2 59.Kg2 d4 60.cxd4 Kxb2 61.e6 c3 62.e7 c2 63.e8=Q f1=Q+ 64.Kxf1 c1=Q+
65.Kf2 Qf4+ 66.Ke1 Qg3+ 67.Kf1 Qf3+ 68.Kg1 Qd1+ 69.Kg2 Qd2+ 70.Kf3 Qxb4 71.Qe5 Qc3+
72.Kf4 b4 73.d5 Ka2 74.d6 Qd2+ 75.Kxf5 b3 76.Qe6 Qf2+ 77.Ke5 Qc5+ 78.Kf6 Qd4+
79.Kf7 Qb6 80.d7 Qxe6+ 81.Kxe6 b2 82.d8=Q b1=Q 83.Kd7 Qd3+ 84.Kc8 Qxd8+ 85.Kxd8  1/2-1/2

[Event "Bundesliga 2009-10"]
[Site "Trier GER"]
[Date "2010.02.28"]
[Round "11"]
[White "Abel,D"]
[Black "Vogt,L"]
[Result "1-0"]
[WhiteElo "2380"]
[BlackElo "2422"]

1.d4 Nf6 2.Bg5 Ne4 3.Bf4 d5 4.e3 e6 5.Bd3 Nf6 6.c4 Bd6 7.Bxd6 Qxd6 8.Nc3 O-O
9.Nf3 Nbd7 10.O-O dxc4 11.Bxc4 c5 12.Rc1 a6 13.dxc5 Qxc5 14.Be2 Qb6 15.Qc2 Re8
16.Rfd1 Nf8 17.Na4 Qa7 18.Qb3 b5 19.Nc5 N8d7 20.Nxd7 Bxd7 21.Ne5 Rac8 22.Bf3 Rxc1
23.Rxc1 Rc8 24.Rxc8+ Bxc8 25.Qc3 Bd7 26.g3 Be8 27.b4 Nd7 28.Qc6 g6 29.Nd3 Kf8
30.Qd6+ Kg7 31.Qe7 Qb8 32.Nc5 Nf8 33.Bb7 h5 34.h4 Kg8 35.a3 Kg7 36.Kf1 Kg8
37.Kg1 Kg7 38.Bf3 Kg8 39.Nxa6 Qc8 40.Nc5 Bc6 41.Bxc6 Qxc6 42.Qb7 Qe8 43.Ne4 Nh7
44.Nd6 Qf8 45.Nxb5 Qd8 46.Nd4 Nf6 47.Kg2 Ng4 48.b5 Qa5 49.Nf3 Qxa3 50.Ng5 Nh6
51.Qb8+ Kg7 52.Qe5+ Kg8 53.Qb8+ Kg7 54.Qe5+ Kg8 55.b6 Qb3 56.Qb8+ Kg7 57.Qe5+ Kg8
58.Qc7  1-0

[Event "48th XtraCon TCh-DEN 2009-10"]
[Site "Denmark DEN"]
[Date "2010.03.01"]
[Round "4"]
[White "Bank,P"]
[Black "Bekker Jensen,S"]
[Result "0-1"]
[WhiteElo "2261"]
[BlackElo "2407"]

1.d4 Nf6 2.Bg5 Ne4 3.Bf4 c5 4.f3 Nf6 5.d5 Qb6 6.Nc3 Qxb2 7.Bd2 Qb6 8.e4 d6
9.f4 e6 10.Rb1 Qd8 11.Bb5+ Bd7 12.dxe6 fxe6 13.Bc4 b5 14.Bxb5 Bxb5 15.Rxb5 Nc6
16.Nf3 Be7 17.O-O O-O 18.Be3 a6 19.Rb1 d5 20.Ne5 Qc7 21.Nxc6 Qxc6 22.e5 d4
23.exf6 Bxf6 24.Qf3 Qxf3 25.Rxf3 dxc3 26.Bxc5 Rfd8 27.Be3 Rd5 28.g4 h6 29.f5 Re8
30.fxe6 Rxe6 31.Rb4 Rd1+ 32.Kf2 Rh1 33.Kg2 Re1 34.Bd4 R1e2+ 35.Rf2 Bh4 36.Rxe2 Rxe2+
37.Kh3 Be1 38.Rb7 Rxc2 39.Rxg7+ Kf8 40.Rg6 Rxa2 41.Be3 Bd2 42.Bxh6+ Kf7 43.Rc6 a5
44.Bxd2 cxd2 45.Rd6 a4 46.Kg3 a3 47.Kf3 Rb2 48.Ke2 a2  0-1

[Event "Reykjavik Open"]
[Site "Reykjavik ISL"]
[Date "2010.03.02"]
[Round "8"]
[White "Flaata,A"]
[Black "Ni,V"]
[Result "1/2-1/2"]
[WhiteElo "2069"]
[BlackElo "2162"]

1.d4 Nf6 2.Bg5 Ne4 3.Bf4 c5 4.f3 Qa5+ 5.c3 Nf6 6.d5 d6 7.Na3 b5 8.e4 a6 9.Qd2 h6
10.Bd3 g5 11.Be3 Nbd7 12.Ne2 Ne5 13.O-O Rg8 14.Nb1 h5 15.b4 Qc7 16.a4 g4
17.f4 Nf3+ 18.gxf3 gxf3+ 19.Ng3 h4 20.Rxf3 Nh5 21.f5 hxg3 22.h3 Bg7 23.axb5 cxb4
24.b6 bxc3 25.Qc2 Qd7 26.Nxc3 Bb7 27.Kg2 Rc8 28.Ra3 Be5 29.Qd2 e6 30.Bc2 Bxc3
31.Rxc3 Rxc3 32.fxe6 fxe6 33.Qxc3 exd5 34.Qa5 Kd8 35.exd5 Qb5 36.Qc3 Bxd5
37.Qc7+ Ke8 38.Qc8+ Ke7 39.Qc7+ Ke8 40.Qc8+ Ke7 41.Qc7+  1/2-1/2

[Event "26th ChessOrg Schachfestival"]
[Site "Bad Woerishofen GER"]
[Date "2010.03.06"]
[Round "1"]
[White "Gulde,Jo"]
[Black "Abergel,T"]
[Result "0-1"]
[WhiteElo "2029"]
[BlackElo "2547"]

1.d4 Nf6 2.Bg5 Ne4 3.h4 c5 4.d5 Qb6 5.Qc1 c4 6.e3 e5 7.dxe6 dxe6 8.Bf4 Nc6
9.Nf3 e5 10.Bh2 Be6 11.c3 f6 12.Nbd2 Nd6 13.Qc2 Be7 14.Be2 O-O 15.b4 a5 16.b5 Qxb5
17.a4 Qc5 18.O-O Rab8 19.Ne4 Nxe4 20.Qxe4 Rfd8 21.Nd4 Bd5 22.Qg4 exd4 23.exd4 Qa7
24.Rab1 Bd6 25.f4 Kh8 26.Rb5 Ne7 27.h5 b6 28.h6 g6 29.Qh4 Rf8 30.Kh1 Qb7
31.Qf2 Qc6 32.Rfb1 Be4 33.R1b2  0-1

[Event "TCh-NED 2009-10"]
[Site "Netherlands NED"]
[Date "2010.03.06"]
[Round "7"]
[White "Retera,J"]
[Black "Pruijssers,R"]
[Result "0-1"]
[WhiteElo "2328"]
[BlackElo "2415"]

1.d4 Nf6 2.Bg5 Ne4 3.Bf4 d5 4.f3 Nf6 5.e4 dxe4 6.Nc3 exf3 7.Nxf3 Bg4 8.h3 Bh5
9.g4 Bg6 10.Ne5 e6 11.Bg2 c6 12.h4 Bb4 13.O-O O-O 14.Bg5 Be7 15.Rf2 h6 16.Nxg6 fxg6
17.Qe2 hxg5 18.hxg5 Nh7 19.Qxe6+ Kh8 20.Be4 Qxd4 21.Rf1 Rxf2 22.Rxf2 Bc5
23.Nd1 Nf8  0-1

[Event "XIV Vasconcellos Mem"]
[Site "Brasilia BRA"]
[Date "2010.03.10"]
[Round "3"]
[White "Stamenkovic,Dr"]
[Black "Lucena,L"]
[Result "1-0"]
[WhiteElo "2384"]
[BlackElo "2167"]

1.d4 Nf6 2.Bg5 Ne4 3.Bf4 c5 4.f3 Nf6 5.dxc5 Qa5+ 6.Nc3 Qxc5 7.e4 d6 8.Qd2 a6
9.O-O-O Nbd7 10.g4 h6 11.Nge2 b5 12.h4 Bb7 13.Be3 Qc7 14.Nf4 e6 15.Be2 Ne5
16.g5 Nfd7 17.g6 Nxg6 18.Nxg6 fxg6 19.Rhg1 g5 20.f4 b4 21.Bh5+ Kd8 22.Ne2 Bxe4
23.Nd4 Qc4 24.b3 Qd5 25.Bg4 Bf5 26.Bf3 Be4 27.Qg2 Bxf3 28.Nxf3 Qc6 29.hxg5 Rc8
30.Rd2 hxg5 31.Qxg5+ Be7 32.Qa5+ Rc7 33.Nd4 Qe4 34.Re1 Rh1 35.Rxh1 Qxh1+
36.Kb2 Qe4 37.Bf2 Bf6 38.Qxb4 Qxf4 39.Kb1 Bxd4 40.Bxd4 e5 41.Bc3 Qxb4 42.Bxb4 Rc6
43.Bxd6 e4 44.Bf4 Re6 45.c4 Ke7 46.Kc2 Nc5 47.Be3 Nd3 48.Kc3 g6 49.Rg2 Kf7
50.b4 Ne1 51.Rf2+ Nf3 52.b5 Rd6 53.Kb4 Rd3 54.bxa6 Ke6 55.Bb6 Ne5 56.Kb5 Ra3
57.a7  1-0

[Event "81st ch-GER"]
[Site "Bad Liebenzell GER"]
[Date "2010.03.12"]
[Round "8"]
[White "Dauenheimer,T"]
[Black "Raykhman,A"]
[Result "1-0"]
[WhiteElo "2233"]
[BlackElo "2352"]

1.d4 Nf6 2.Bg5 Ne4 3.Bf4 c5 4.f3 Qa5+ 5.c3 Nf6 6.d5 Qb6 7.e4 Qxb2 8.Nd2 Qxc3
9.Bc7 d6 10.Ne2 Qe5 11.Nc4 Qh5 12.Ba5 b5 13.Ne3 a6 14.h4 h6 15.g4 Nxg4 16.fxg4 Bxg4
17.Nxg4 Qxg4 18.Qc2 Nd7 19.O-O-O Nf6 20.e5 dxe5 21.Nc3 g6 22.d6 exd6 23.Bg2 Rb8
24.Bc6+ Ke7 25.Bc7 Rc8 26.Bxd6+ Ke6 27.Bxe5 Rxc6 28.Rhe1 Ke7 29.Nd5+ Nxd5
30.Bxh8+ Re6 31.Qxc5+ Ke8 32.Qxd5 Ba3+ 33.Kb1 Qf5+ 34.Qxf5  1-0

[Event "11th EICC Women"]
[Site "Rijeka CRO"]
[Date "2010.03.15"]
[Round "9"]
[White "Guramishvili,S"]
[Black "Kashlinskaya,A"]
[Result "1-0"]
[WhiteElo "2266"]
[BlackElo "2332"]

1.d4 Nf6 2.Bg5 Ne4 3.Bf4 c5 4.d5 Qb6 5.Bc1 e6 6.f3 Nf6 7.e4 c4 8.Bxc4 Bc5
9.Ne2 Qb4+ 10.Nd2 exd5 11.c3 Qb6 12.exd5 O-O 13.Nb3 Re8 14.Bg5 Bf2+ 15.Kf1 d6
16.Qd2 Nbd7 17.Nbd4 Ne5 18.Bb3 Bxd4 19.cxd4 Ng6 20.Bxf6 gxf6 21.Ng3 Bd7 22.h4 Bb5+
23.Kg1 Ne5 24.Kh2 Nd3 25.Nf5 Kh8 26.Qh6  1-0

[Event "TCh-FIN 2009-10"]
[Site "Finland FIN"]
[Date "2010.03.20"]
[Round "8"]
[White "Pohjala,H"]
[Black "Sorsa,M"]
[Result "1-0"]
[WhiteElo "2164"]
[BlackElo "2184"]

1.d4 Nf6 2.Bg5 Ne4 3.Bf4 d5 4.e3 g5 5.Be5 Rg8 6.Bd3 Nd7 7.Bxe4 dxe4 8.Bg3 b6
9.Nd2 Bb7 10.h4 g4 11.c4 e6 12.Ne2 c5 13.Qa4 Qc8 14.Rd1 Bc6 15.Qc2 Qb7 16.O-O f5
17.Nf4 Kf7 18.Nxe6 Kxe6 19.d5+ Kf7 20.dxc6 Qxc6 21.Nb1 Rg6 22.Rd5 Qe6 23.Rfd1 Nf6
24.Re5 Qc8 25.Nc3 h5 26.Nd5 Bd6 27.Nxb6 axb6 28.Rxd6 Ne8 29.Rdd5 Rxa2 30.Rxf5+ Rf6
31.Qxe4 Rxb2 32.Rxh5 Ng7 33.Rh7 Ra2 34.Rg5  1-0

[Event "12th Rector Cup"]
[Site "Kharkov UKR"]
[Date "2010.03.27"]
[Round "3"]
[White "Ushenina,A"]
[Black "Soloviova,L"]
[Result "1-0"]
[WhiteElo "2452"]
[BlackElo "2315"]

1.d4 Nf6 2.Bg5 Ne4 3.Bf4 d5 4.e3 Bf5 5.f3 Nf6 6.c4 e6 7.Nc3 c6 8.Qb3 Qb6
9.c5 Qxb3 10.axb3 Nbd7 11.b4 Be7 12.g4 Bg6 13.b5 O-O 14.bxc6 bxc6 15.Ba6 Rab8
16.Bxb8 Rxb8 17.Ra2 e5 18.Nge2 h6 19.h3 Ne8 20.Kd2 Nc7 21.Bd3 Bxd3 22.Kxd3 a6
23.Kc2 Bf6 24.Ra4 Nf8 25.f4 exd4 26.Nxd4 Re8 27.Kd2 Nfe6 28.Nxe6 Nxe6 29.Rxa6 d4
30.exd4 Nxd4 31.Kd3 Rd8 32.Rd1 Nb3+ 33.Kc2 Nd4+ 34.Kb1 Rb8 35.Ne4 Nb5 36.Nxf6+ gxf6
37.Kc2 Rc8 38.b4 Kg7 39.f5 h5 40.Rd7 h4 41.Rb6 Ra8 42.Rxb5 cxb5 43.Rb7 Ra2+
44.Kd3 Ra3+ 45.Ke2 Rxh3 46.Rxb5 Rc3 47.Kf2 h3 48.Kg1 Kh6 49.Rb8 Kg5 50.Kh2 Kf4
51.Rh8 Kxg4 52.Rg8+ Kxf5 53.Rg3 Rc2+ 54.Kxh3 Ke4 55.Rg7 f5 56.Rxf7 f4 57.Re7+ Kf3
58.Re6 Rc1 59.Kh4 Rc4 60.Rb6 Kg2 61.Rg6+ Kf1 62.Rg4 Kf2 63.b5 Rxc5 64.Rxf4+ Ke3
65.Rb4 Kd3 66.b6 Rc8 67.Kg5 Kc3 68.Rb1 Rf8 69.b7 Rb8 70.Kf5 Kc4 71.Ke6 Kc5
72.Kd7  1-0

[Event "ch-VIE"]
[Site "Ho Chi Minh City VIE"]
[Date "2010.03.30"]
[Round "8"]
[White "Bui Vinh"]
[Black "Vo Dai Hoai Duc"]
[Result "1-0"]
[WhiteElo "2480"]
[BlackElo "2180"]

1.d4 Nf6 2.Bg5 Ne4 3.Bf4 c5 4.f3 Qa5+ 5.c3 Nf6 6.d5 d6 7.e4 g6 8.Na3 Bg7
9.Nc4 Qd8 10.a4 O-O 11.Qd2 Na6 12.Bd3 Nc7 13.Ne2 Bd7 14.O-O Rb8 15.Kh1 a6
16.a5 Bb5 17.Ra2 Nd7 18.Ne3 Bxd3 19.Qxd3 Ne5 20.Qc2 Nb5 21.Bg3 e6 22.f4 Nd7
23.dxe6 fxe6 24.Raa1 Qe7 25.Rad1 Rbc8 26.Qd3 Rf7 27.Ng1 c4 28.Qc2 Nc5 29.Nf3 Nd3
30.Ng5 Rff8 31.Nxc4 Nxf4 32.Nb6 Nh5 33.Nxc8 Nxg3+ 34.hxg3 Rxc8 35.Nf3 Qc7
36.Qb3 Re8 37.Nd4 Nxd4 38.cxd4 Qxa5 39.Qxb7 Qh5+ 40.Kg1 Kh8 41.Qd7 Rg8 42.Qxe6 Qe2
43.Kh2 Bxd4 44.Rxd4 Qxf1 45.Rxd6 Qf8 46.Kg1 a5 47.e5 Qh6 48.Qf6+ Qg7 49.Qf4 Re8
50.Rd5 Qa7+ 51.Kh2 Qb6 52.Rd6 Qc7 53.Qf6+ Kg8 54.e6 Qe7 55.Qe5 Qg7 56.Qf4 Qe7
57.Qe5 Qg7 58.Qf4 Qe7 59.b3 Rf8 60.Qd4 Qg7 61.Qh4 g5 62.Qh5 Qg6 63.Qxg6+ hxg6
64.e7 Re8 65.Rxg6+ Kf7 66.Rxg5 Rh8+ 67.Kg1 Rb8 68.Re5 Ke8 69.Re3 Rb4 70.Kh2 a4
71.bxa4 Rxa4 72.Kh3 Ra6 73.g4 Rh6+ 74.Kg3 Rg6 75.Kh4 Rh6+ 76.Kg5 Rh2 77.Re2 Rh1
78.Kg6 Rf1 79.g5 Rh1 80.Kg7  1-0

[Event "33rd Open"]
[Site "Donostia ESP"]
[Date "2010.04.03"]
[Round "8"]
[White "Aranaz Portugues,J"]
[Black "Fletcher,J"]
[Result "0-1"]
[WhiteElo "2169"]
[BlackElo "2004"]

1.d4 Nf6 2.Bg5 Ne4 3.Bf4 d5 4.e3 c5 5.Bd3 Nf6 6.c3 Nc6 7.Ne2 Nd7 8.Bg5 Qb6
9.Na3 c4 10.Bf5 e6 11.Bh3 h6 12.Bh4 g5 13.Bg3 h5 14.f3 f5 15.e4 g4 16.fxg4 hxg4
17.exd5 exd5 18.O-O Nf6 19.Nf4 Ne7 20.Qe2 gxh3 21.Nxd5 Nxd5 22.Nxc4 Qg6 23.Nd6+ Kd8
24.c4 hxg2 25.Rf2 f4 26.cxd5 Qxd6 27.Bxf4 Qxd5 28.Rc1 b6 29.Bc7+ Ke8 30.Be5 Rh7
31.Rf6 Bd7 32.Rd6 Qb5 33.Qe4 Rc8 34.Re1 Rf7 35.Qxg2 Rc6 36.Bg3 Rxd6 37.Qa8+ Bc8
38.Bxd6 Qd7 39.Qd5 Bb7 40.Qe5 Qg4+ 41.Qg3 Qxd4+ 42.Re3 Rg7  0-1

[Event "XXXVII Open"]
[Site "La Roda Albacete ESP"]
[Date "2010.04.03"]
[Round "7"]
[White "Rojas Keim,L"]
[Black "Ortiz Suarez,I"]
[Result "0-1"]
[WhiteElo "2421"]
[BlackElo "2527"]

1.d4 Nf6 2.Bg5 Ne4 3.Bf4 c5 4.f3 Qa5+ 5.c3 Nf6 6.d5 Qb6 7.Bc1 e6 8.e4 exd5
9.exd5 Bd6 10.c4 O-O 11.Bd3 Qc7 12.Nc3 a6 13.a4 b6 14.Nge2 Re8 15.Qc2 h6
16.Kf2 Be5 17.g4 d6 18.g5 hxg5 19.Bxg5 Nbd7 20.Rag1 Nf8 21.f4 Bxc3 22.Qxc3 Ng4+
23.Ke1 Ng6 24.h3 Ne3 25.h4 Bg4 26.h5 Bxe2 27.Bxe2 Nf5 28.hxg6 Re3 29.gxf7+ Qxf7
30.Rh3 Rxc3 31.bxc3 Re8 32.Rgh1 Rxe2+ 33.Kxe2 Qe8+ 34.Kd3 Qxa4 35.R1h2 Qd1+
36.Ke4 Qb1+ 37.Kf3 Kf7  0-1

[Event "17th TCh-RUS Higher League"]
[Site "Dagomys RUS"]
[Date "2010.04.04"]
[Round "3"]
[White "Rusanov,M"]
[Black "Kryakvin,D"]
[Result "1/2-1/2"]
[WhiteElo "2438"]
[BlackElo "2574"]

1.d4 Nf6 2.Bg5 Ne4 3.Bf4 c5 4.f3 Nf6 5.dxc5 Qa5+ 6.Nc3 Qxc5 7.e4 d6 8.Qd2 g6
9.Be3 Qa5 10.Nb5 Qd8 11.Nxa7 Bg7 12.Nxc8 Qxc8 13.Bb5+ Nbd7 14.Ne2 O-O 15.O-O Ne5
16.b3 Rd8 17.c4 e6 18.Rac1 Qc7 19.a4 Qe7 20.Nc3 Nfd7 21.Bxd7 Nxd7 22.Rfd1 Nc5
23.Qc2 f5 24.b4 Bxc3 25.Qxc3 Nxa4 26.Qd2 Qg7 27.exf5 gxf5 28.Bd4 e5 29.Bf2 Kh8
30.f4 Qg4 31.g3 Rac8 32.Qd5 Qg8 33.fxe5 Qxd5 34.Rxd5 dxe5 35.Rxe5 Nb2 36.Rxf5 Rxc4
37.Rxc4 Nxc4 38.Rf4 Nd2 39.Kg2 Kg8 40.g4 Rd5 41.Rd4 Rxd4 42.Bxd4 Kf7 43.Be3 Nc4
44.Bf4 Kg6 45.Kf3 h5 46.h3 Na3 47.Ke4 hxg4 48.hxg4 Nc2 49.Bd6 b5 50.Be7 Kf7
51.Kd3 Ne1+ 52.Ke2 Nc2 53.Kd2 Nd4 54.Bd6 Kg6 55.Ke3 Nc6 56.Kf4 Kf6 57.Bc5 Kg6  1/2-1/2

[Event "33rd Open"]
[Site "Donostia ESP"]
[Date "2010.04.04"]
[Round "9"]
[White "Severri Arrese,C"]
[Black "Meneses Gonzalez,K"]
[Result "0-1"]
[WhiteElo "1925"]
[BlackElo "2117"]

1.d4 Nf6 2.Bg5 Ne4 3.Bf4 c5 4.d5 Qb6 5.Bc1 g6 6.f3 Nf6 7.e4 d6 8.c3 Bg7 9.Na3 O-O
10.Nc4 Qc7 11.a4 Nbd7 12.Bg5 Re8 13.Ne2 Nb6 14.Ne3 h6 15.Bh4 Bd7 16.a5 Nc8
17.Bf2 b5 18.g3 e6 19.dxe6 fxe6 20.Bg2 Ne7 21.O-O Nc6 22.a6 Ne5 23.h3 c4
24.Nc1 Bc6 25.Nc2 Rab8 26.Nb4 Ba8 27.Qd4 Re7 28.Rd1 Rd8 29.Qe3 Nc6 30.Nxc6 Qxc6
31.Ne2 e5 32.g4 Rf8 33.Bh4 Kh7 34.Bf2 Ref7 35.Bh4 Nd7 36.Rd2 Nc5 37.Rad1 Nd3
38.Rxd3 cxd3 39.Qxd3 Rd7 40.Ra1 d5 41.exd5 Qxd5 42.Qxd5 Rxd5 43.f4 Rd2 44.Bxa8 Rxa8
45.Ng3 exf4 46.Ne4 Rxb2 47.g5 Re2 48.gxh6 Rxe4 49.hxg7 Kxg7 50.Bf2 Ra4 51.Rb1 Rxa6
52.Rxb5 Rc6 53.Rb7+ Kf6 54.Bxa7 Kf5 55.Bd4 Re6 56.Kg2 Re4 57.Rb2 Kg5  0-1

[Event "21st Pobeskydi Distep Cup"]
[Site "Frydek-Mistek CZE"]
[Date "2010.04.05"]
[Round "9"]
[White "Wiley,To"]
[Black "Motuz,K"]
[Result "0-1"]
[WhiteElo "2302"]
[BlackElo "2319"]

1.d4 Nf6 2.Bg5 Ne4 3.Bf4 c5 4.f3 Qa5+ 5.c3 Nf6 6.d5 g6 7.e4 Bg7 8.a4 O-O
9.Na3 d6 10.Bd3 Qc7 11.Ne2 Nbd7 12.O-O a6 13.Qd2 Rb8 14.c4 e6 15.Nc3 e5 16.Be3 Nh5
17.Ne2 f5 18.g4 Nf4 19.Bxf4 exf4 20.exf5 Ne5 21.fxg6 hxg6 22.Be4 Qe7 23.h3 Bd7
24.Qc2 Rbe8 25.Rae1 Qh4 26.Kg2 Nf7 27.Rh1 Ng5 28.Kf1 Rxe4 29.fxe4 f3 30.Nc3 Bxg4  0-1

[Event "Open"]
[Site "Thessaloniki GRE"]
[Date "2010.04.06"]
[Round "3"]
[White "Erofeev,A"]
[Black "Koutroukis,A"]
[Result "1-0"]
[WhiteElo "2263"]
[BlackElo "1889"]

1.d4 Nf6 2.Bg5 Ne4 3.Bf4 c5 4.f3 Qa5+ 5.c3 Nf6 6.d5 d6 7.e4 g6 8.Na3 Nbd7
9.Qd2 Bg7 10.Nc4 Qc7 11.a4 b6 12.Bd3 O-O 13.Ne2 Bb7 14.O-O a6 15.b4 cxb4
16.cxb4 Nh5 17.Be3 Bxa1 18.Rxa1 b5 19.axb5 axb5 20.Na5 Ne5 21.Bxb5 Rfc8 22.Rc1 Qb8
23.Bc6 Bxc6 24.dxc6 Ng7 25.h3 Qb5 26.Nd4 Qd3 27.f4 Qxd2 28.Bxd2 Nd3 29.Rb1 e5
30.Nb5 Ne8 31.g3 Rxa5 32.bxa5 Rxc6 33.Be3 Nf6 34.Rd1 Nc5 35.Rxd6 Rxd6 36.Nxd6 Na6
37.fxe5 Nd7 38.Bf4 Ndc5 39.Kf2 Kf8 40.Ke3 Ke7 41.Kd4 Ke6 42.Ne8 Kd7 43.Nf6+ Kc6
44.Nxh7 Nb3+ 45.Kc3 Nxa5 46.Ng5 Nc5 47.Nxf7 Nxe4+ 48.Kd4 Nf2 49.e6 Nxh3 50.Nd8+  1-0

[Event "12th Open"]
[Site "Dubai UAE"]
[Date "2010.04.07"]
[Round "3"]
[White "Ghane,S"]
[Black "Coleman,J"]
[Result "1-0"]
[WhiteElo "2375"]
[BlackElo "2136"]

1.d4 Nf6 2.Bg5 Ne4 3.Bf4 c5 4.f3 Qa5+ 5.c3 Nf6 6.e3 Nd5 7.Bxb8 Rxb8 8.Qd2 cxd4
9.exd4 e6 10.Bd3 Bd6 11.Ne2 Qc7 12.g3 b6 13.a4 Bb7 14.Na3 a6 15.Nc2 O-O 16.O-O f5
17.c4 Nf6 18.a5 b5 19.cxb5 axb5 20.b4 Bd5 21.Na3 Bc6 22.Rab1 Qa7 23.Nc2 Nd5
24.Nc1 Nf6 25.Nb3 Qa8 26.Be2 f4 27.g4 Nd5 28.Nc5 Qa7 29.Bd3 Rbe8 30.Be4 Qa8
31.Qd3 Nf6 32.Bxc6 Qxc6 33.Na3 Bb8 34.Rfc1 Qd5 35.Rb3 h5 36.gxh5 Qg5+ 37.Kh1 Nxh5
38.Ne4 Ng3+ 39.hxg3 Qh6+ 40.Kg2 fxg3 41.Rh1 Qf4 42.Qe2  1-0

[Event "Sydney Int Open"]
[Site "Parramatta AUS"]
[Date "2010.04.07"]
[Round "1"]
[White "Brockman,R"]
[Black "Nakauchi,G"]
[Result "0-1"]
[WhiteElo "1743"]
[BlackElo "2119"]

1.d4 Nf6 2.Bg5 Ne4 3.Bf4 c5 4.f3 Qa5+ 5.c3 Nf6 6.Nd2 cxd4 7.Nb3 Qb6 8.Qxd4 Qxd4
9.cxd4 Nc6 10.a3 a5 11.a4 e6 12.e4 Bb4+ 13.Bd2 O-O 14.Ne2 d5 15.e5 Nd7 16.Nc3 Nb6
17.Bd3 Nc4 18.Bc1 f6 19.f4 fxe5 20.fxe5 b6 21.Rf1 Ba6 22.Rxf8+ Rxf8 23.Ke2 Be7
24.Nb5 Bxb5 25.axb5 Na7 26.Bxc4 dxc4 27.Nd2 Nxb5 28.Nf3 Rd8 29.Be3 c3 30.bxc3 Nxc3+
31.Kd3 Nd5 32.Bg5 Rc8 33.Bxe7 Nxe7 34.Rb1 Nd5 35.Ng5 Rc6 36.g3 h6 37.Ne4 Nb4+
38.Ke3 Nd5+ 39.Kd3 a4 40.h4 a3 41.Ra1 Nb4+ 42.Kd2 Rc2+ 43.Kd1 a2 44.Nd2 Rb2
45.Kc1 Nd3+ 46.Kd1 Kf7 47.Ke2 Nb4 48.Kd1 Ke7 49.Kc1 Rc2+ 50.Kd1 Kd7  0-1

[Event "IV Open"]
[Site "La Laguna ESP"]
[Date "2010.04.09"]
[Round "6"]
[White "Gomez,Gu"]
[Black "Saez Gabikagogeaskoa,O"]
[Result "1-0"]
[WhiteElo "2137"]
[BlackElo "1969"]

1.d4 Nf6 2.Bg5 Ne4 3.Bf4 c5 4.f3 Qa5+ 5.c3 Nf6 6.Nd2 cxd4 7.Nb3 Qb6 8.Qxd4 Nc6
9.Qxb6 axb6 10.Be3 b5 11.Bd2 e5 12.e4 d5 13.exd5 Nxd5 14.Bxb5 Be6 15.Nc1 Nc7
16.Bd3 Bc5 17.Nge2 O-O 18.b4 Ba7 19.a4 f5 20.Ng3 Rad8 21.a5 b5 22.axb6 Bxb6
23.Rf1 Rd7 24.Kd1 Rfd8 25.Kc2 h6 26.Rd1 Ne7 27.c4 Bf2 28.Nh1 Bd4 29.Rb1 Rc8
30.b5 Ncd5 31.Nb3 Ne3+ 32.Bxe3 Bxe3 33.Re1 Bxc4 34.Bxc4+ Rxc4+ 35.Kb2 f4
36.Re2 Rb4 37.Nf2 Rxb5 38.Ne4 Rdb7 39.Kc2 Nf5 40.Ree1 Nd4+ 41.Nxd4 Bxd4 42.Rxb5 Rxb5
43.Rb1 Rxb1 44.Kxb1 Kf7 45.Kc2 Ke6 46.Kb1 Kd5 47.Kc2 Bb6 48.h3 g5 49.Kd2 Ke6
50.Kd3 Kf5 51.Nd6+ Kf6 52.Ke4 Ke6 53.Nc4 Bc7 54.Nb2 Bb8 55.Nd3 Bd6 56.Nf2 h5
57.Nd3 Kf6 58.Kd5 Bb8 59.Nc5 Kf5 60.Ne4 Bc7 61.Kc6 Bb8 62.Kb7 g4 63.Kxb8 gxh3
64.gxh3 Ke6 65.h4 Kd5 66.Nf6+ Kd4 67.Nxh5 e4 68.Nxf4 exf3 69.h5 f2 70.Ne2+ Ke5
71.Ng3 Kf6 72.Kc7 f1=Q 73.Nxf1 Kg5 74.Ng3  1-0

[Event "Open"]
[Site "Thessaloniki GRE"]
[Date "2010.04.09"]
[Round "7"]
[White "Erofeev,A"]
[Black "Kakousatze,I"]
[Result "1-0"]
[WhiteElo "2263"]
[BlackElo "2011"]

1.d4 Nf6 2.Bg5 Ne4 3.Bf4 c5 4.f3 Qa5+ 5.c3 Nf6 6.d5 Qb6 7.e4 Qxb2 8.Nd2 Qxc3
9.Bc7 b6 10.Rb1 Qe3+ 11.Ne2 Ba6 12.Qa4 Bxe2 13.Bxe2 g6 14.Nc4 Qc3+ 15.Kf1 b5
16.Qxb5 Na6 17.Qb7  1-0

[Event "LXXX ch-URU"]
[Site "Montevideo URU"]
[Date "2010.04.14"]
[Round "6"]
[White "Rodriguez,Sa"]
[Black "Michailov,M"]
[Result "1-0"]
[WhiteElo "2270"]
[BlackElo "1993"]

1.d4 Nf6 2.Bg5 Ne4 3.Bf4 c5 4.f3 Qa5+ 5.c3 Nf6 6.Nd2 cxd4 7.Nb3 Qb6 8.Qxd4 Nc6
9.Qxb6 axb6 10.Nd4 e5 11.Nxc6 exf4 12.Nd4 Bc5 13.Nh3 Nd5 14.e4 fxe3 15.Bc4 Nc7
16.Nf4 d5 17.Nxd5 Nxd5 18.Bxd5 O-O 19.Ke2 Bxd4 20.cxd4 Rd8 21.Bb3 Rxd4 22.Rhd1 Rxd1
23.Rxd1 Bf5 24.Kxe3 Kf8 25.Rd6 Ra6 26.g4 Ke7 27.Rd4 Be6 28.Re4 Kd6 29.Bxe6 fxe6
30.a3 Ra5 31.Rb4 Re5+ 32.Kf4 g5+ 33.Kg3 Kc6 34.h4 h6 35.h5 Re3 36.Kf2 Re5
37.Ra4 Rd5 38.Ra8 e5 39.Rg8 Rd6 40.Ke3 Kd5 41.Rg7 Re6 42.Rxb7 e4 43.Rd7+ Kc6
44.Rg7 exf3+ 45.Kxf3 Kd5 46.Rg6  1-0

[Event "9th Open"]
[Site "Weiz AUT"]
[Date "2010.04.18"]
[Round "5"]
[White "Nickl,K"]
[Black "Schneider Zinner,H"]
[Result "0-1"]
[WhiteElo "2177"]
[BlackElo "2313"]

1.d4 Nf6 2.Bg5 Ne4 3.Bf4 c5 4.f3 Qa5+ 5.c3 Nf6 6.Nd2 cxd4 7.Nb3 Qd8 8.cxd4 e6
9.e4 Nc6 10.Ne2 d5 11.e5 Nd7 12.Nc3 Be7 13.Be3 a6 14.f4 O-O 15.Bd3 Re8 16.O-O f5
17.g4 Nf8 18.Qf3 Ng6 19.gxf5 Nh4 20.Qe2 Nxf5 21.Bxf5 exf5 22.Kh1 Be6 23.Rac1 Na5
24.Nxa5 Qxa5 25.Rg1 Rec8 26.Rg2 Bf8 27.Rcg1 Qc7 28.Qh5 b5 29.Ne2 Qf7 30.Qf3 Rc2
31.Ng3 Rxg2 32.Qxg2 Rc8 33.Qd2 Rc4 34.Qa5 Ra4 35.Qb6 Rxa2 36.Rc1 Rxb2 37.Rc6 Qg6
38.Rc1 a5 39.Qxa5 Qg4 40.Bd2 b4 41.Nf1 Qf3+ 42.Kg1 Rxd2 43.Nxd2 Qe3+ 44.Kh1 Qxd2
45.Rc6 Qxf4 46.Kg2 Qe4+ 47.Kf1 b3 48.Rxe6 b2 49.Rb6 b1=Q+ 50.Rxb1 Qxb1+ 51.Kf2 Qb2+
52.Ke3 Qa3+  0-1

[Event "9th Asian Continental"]
[Site "Olongapo City PHI"]
[Date "2010.04.22"]
[Round "2"]
[White "Barbosa,O PHI"]
[Black "Gupta,Ab"]
[Result "1-0"]
[WhiteElo "2452"]
[BlackElo "2560"]

1.d4 Nf6 2.Bg5 Ne4 3.Bf4 d5 4.e3 c5 5.Bd3 Nf6 6.c3 Nc6 7.Nd2 Qb6 8.Rb1 Bg4
9.Ngf3 e6 10.h3 Bh5 11.O-O cxd4 12.cxd4 Be7 13.b4 O-O 14.a3 Rfc8 15.Nb3 Ne4
16.Qe1 a5 17.Nc5 axb4 18.axb4 Ra3 19.Bxe4 dxe4 20.Nd2 Qb5 21.Qc1 Raa8 22.g4 Bg6
23.Qc4 Qb6 24.Rfc1 h6 25.Bg3 Qa7 26.Ra1 Qxa1 27.Rxa1 Rxa1+ 28.Kg2 Rca8 29.Qb5 Rd1
30.Ndb3 Ra7 31.Na5 Nxa5 32.bxa5 Bxc5 33.dxc5 Kh7 34.Bc7 Ra1 35.Qb4 f6 36.Qd4 Rb1
37.Qd7 Ra8 38.Bd8 Kh8 39.h4 h5 40.g5 fxg5 41.hxg5 h4 42.Qxe6 Kh7 43.Qd5 Kh8
44.c6 h3+ 45.Kh2 bxc6 46.Qxc6 Rxd8 47.Qxg6 Rb5 48.a6 Rf8 49.Qxe4 Ra5 50.g6  1-0

[Event "TCh-ISR"]
[Site "Israel ISR"]
[Date "2010.04.23"]
[Round "7"]
[White "Deutsch,E"]
[Black "Drozdovskij,Y"]
[Result "0-1"]
[WhiteElo "2374"]
[BlackElo "2624"]

1.d4 Nf6 2.Bg5 Ne4 3.Bf4 c5 4.f3 Qa5+ 5.c3 Nf6 6.d5 e6 7.e4 exd5 8.Bxb8 Rxb8
9.e5 Ng8 10.Qxd5 Ne7 11.Qe4 b5 12.Nd2 Bb7 13.Qe2 Ng6 14.Ne4 Bxe4 15.Qxe4 b4
16.Ne2 Be7 17.g3 bxc3 18.bxc3 O-O 19.Bh3 Nxe5 20.f4 d5 21.Qxe5 Bf6 22.Qxd5 Bxc3+
23.Kf2 Rfd8 24.Qc4 Bxa1 25.Rxa1 Rb2 26.Rc1 Qd2 27.Bg4 Re8 28.Kf1 g6 29.a3 Re3
30.f5 Re5 31.fxg6 hxg6 32.Rc3 Qd1+ 33.Kf2 Rb1 34.Nc1 Qe1+ 35.Kf3 Rb2  0-1

[Event "9th Asian Continental"]
[Site "Olongapo City PHI"]
[Date "2010.04.23"]
[Round "3"]
[White "Duong The Anh"]
[Black "Harikrishna,P"]
[Result "0-1"]
[WhiteElo "2425"]
[BlackElo "2660"]

1.d4 Nf6 2.Bg5 Ne4 3.Bf4 c5 4.f3 Qa5+ 5.c3 Nf6 6.Nd2 cxd4 7.Nb3 Qd8 8.cxd4 e6
9.Rc1 Nc6 10.e4 Bb4+ 11.Kf2 d5 12.e5 Nd7 13.a3 Be7 14.Bd3 a5 15.a4 Nb6 16.Bb5 O-O
17.Bd2 Bd7 18.Ne2 Nb4 19.Bxb4 axb4 20.Nc5 Bxc5 21.Rxc5 Nxa4 22.Bxa4 Bxa4
23.Qd2 b6 24.Rcc1 Qe7 25.Nf4 Bb5 26.Ra1 Ra5 27.Rhc1 Bc4 28.g3 Rfa8 29.Rab1 Ra2
30.Nd3 R2a4 31.Kg1 Bxd3 32.Qxd3 h6 33.f4 b3 34.Rc3 Qb4 35.Rd1 Ra1 36.Rxb3 Qc4
37.Rc3 Qxd3 38.Rxd3 Rxd1+ 39.Rxd1 Ra4 40.Kf2 Rb4 41.Rd2 Kh7 42.Ke2 Kg6 43.Kd3 Kf5
44.Kc3 Rc4+ 45.Kd3 Kg4 46.b3 Rc7 47.Ra2 h5 48.Ra6 Kh3  0-1